000 00564nam a2200181Ia 4500
008 100920s9999 xx 000 0 und d
082 _b39762
_a891.464 थ 78
100 _aगाडगीळ बाळ.
245 _aउडती सतरंजी.
260 _bनिशान्त प्रकाशन, पुणे 9.
_c1978
300 _a169
_bसाधी
365 _b15
520 _aनिबंध.
630 _aउडती सतरंजी.
650 _aनिबंध.
730 _aउडती सतरंजी.
942 _cBOOK
999 _c691125
_d691122